000 01164nam a2200313 a 4500
001 000082007
005 20200120224648.0
008 050421s2015 mexap gr0 0 000 d
020 _a9788499101804
041 0 _a#spa
043 _ae-sp---
082 0 4 _a612.01441
_bP27
_221
100 0 _aPérez Soriano, Pedro
245 1 0 _aBiomecánica básica :
_baplicada a la actividad física y el deporte /
_cPedro Pérez Soriano, Salvador Llana Belloch.
250 _a1a. ed.
260 _aEspaña :
_bPaidotribo,
_c2015.
300 _a681 páginas :
_bilustraciones, gráficas, tablas, fotografías blanco y negro.
500 _aIncluye índice y anexos
500 _aIncluye bibliografía en cada capítulo.
504 _aReferencias bibliográficas p. 681
650 1 7 _aBiomecánica
_xenseñanza
_2LEMB
650 1 7 _aDeportes (aspectos fisiológicos)
_xenseñanza
_2LEMB
650 2 7 _aCinemática
_xenseñanza
_2LEMB
650 2 7 _aDinámica de fluidos
_xenseñanza
_2LEMB
650 2 7 _aHidrodinámica
_xenseñanza
_2LEMB
650 2 7 _aMecánica humana
_xenseñanza
_2LEMB
650 2 7 _aFísica biológica
_xenseñanza
_2LEMB
700 1 _aLlana Belloch, Salvador
999 _c10416
_d10416